[Event "AUTO-INT-166"]
[Site "http://www.queenalice.com/game.php?id=105005"]
[Date "2006.9.12"]
[Round "1"]
[White "Lord_Tiger_Brasil"]
[Black "Jomaley"]
[Result "0-1"]
[WhiteElo "1482"]
[BlackElo "1363"]

1. e4 e5 2. Qh5 Qf6 3. Bc4 g6 4. Qf3 c6 5. d3 b5 6. Bb3 Na6 7. Be3 Nb4 8. Nd2 d6
9. h3 Be6 10. O-O-O Bxb3 11. axb3 d5 12. Qxf6 Nxf6 13. Bg5 Nh5 14. Ngf3 Bd6 15.
g4 Nf4 16. Bxf4 exf4 17. e5 Bc5 18. d4 Be7 19. Kb1 O-O 20. g5 Kg7 21. Nf1 a5 22.
c3 Na6 23. Kc2 b4 0-1

[Event "AUTO-INT-166"]
[Site "http://www.queenalice.com/game.php?id=105020"]
[Date "2006.9.12"]
[Round "1"]
[White "Lord_Tiger_Brasil"]
[Black "johntelker"]
[Result "0-1"]
[WhiteElo "1704"]
[BlackElo "1717"]

1. e4 c5 2. a3 d6 3. c3 Nc6 4. Bb5 Bd7 5. Bxc6 Bxc6 6. d3 g6 7. Nh3 Bg7 8. O-O
Nf6 9. f3 O-O 10. Be3 e5 11. Bg5 Qc7 12. Bxf6 Bxf6 13. f4 exf4 14. Rxf4 Be5 15.
Rf2 d5 16. g3 Rad8 17. exd5 Bxd5 18. Nd2 Bc6 19. Qc2 Qd7 20. Rd1 Qxh3 21. Ne4
Qe6 22. Rdf1 f5 23. Nxc5 Qd5 24. b4 Qh1# 0-1

[Event "AUTO-INT-166"]
[Site "http://www.queenalice.com/game.php?id=105021"]
[Date "2006.9.12"]
[Round "1"]
[White "johntelker"]
[Black "Lord_Tiger_Brasil"]
[Result "1-0"]
[WhiteElo "1725"]
[BlackElo "1693"]

1. d4 e6 2. Nf3 h6 3. Bf4 g5 4. Be5 f6 5. Bg3 a6 6. h3 Nc6 7. e4 d6 8. a3 Qe7 9.
Bc4 Bd7 10. Nc3 d5 11. Bb3 Bg7 12. Bxc7 Bc8 13. Bg3 Qf7 14. exd5 exd5 15. Nxd5
Be6 16. Nc7+ Kf8 17. Nxe6+ Ke7 18. O-O Qg6 19. Re1 Kd7 20. Nc5+ Kd8 21. Nxb7+
Kc8 22. Nd6+ Kd8 23. Re8+ Qxe8 24. Nxe8 Kxe8 25. Qe2+ Nge7 26. Re1 Kd7 27. Qe6+
Kd8 28. Qd6+ Kc8 29. Qc7# 1-0

[Event "AUTO-INT-166"]
[Site "http://www.queenalice.com/game.php?id=105022"]
[Date "2006.9.12"]
[Round "1"]
[White "Lord_Tiger_Brasil"]
[Black "jcbraga"]
[Result "0-1"]
[WhiteElo "1566"]
[BlackElo "1809"]

1. e4 e5 2. Qh5 Nc6 3. Bc4 Qe7 4. c3 d6 5. h3 Be6 6. Bb5 Bd7 7. Bxc6 Bxc6 8. d3
O-O-O 9. Nf3 Nf6 10. Qh4 d5 11. Bg5 dxe4 12. dxe4 Qd6 13. Nbd2 Be7 14. Bxf6 Bxf6
15. Qg4+ Kb8 16. O-O-O Bd7 17. Qg3 Rhe8 18. Nb3 Qe6 19. Kc2 Qe7 20. Nbd2 c5 21.
Rhe1 Rc8 0-1

[Event "AUTO-OPEN-387"]
[Site "http://www.queenalice.com/game.php?id=105836"]
[Date "2006.9.14"]
[Round "1"]
[White "sergiogvh"]
[Black "Lord_Tiger_Brasil"]
[Result "1-0"]
[WhiteElo "2166"]
[BlackElo "1509"]

1. e4 e5 2. f4 exf4 3. Nf3 a6 4. Bc4 d6 5. O-O Bg4 6. d4 Nd7 7. Bxf4 Ngf6 8. h3
Bxf3 9. Qxf3 Be7 10. e5 O-O 11. exf6 Bxf6 12. c3 Rb8 13. Nd2 b5 14. Bd3 Nb6 15.
Rae1 d5 16. Qg3 Rb7 17. Be5 Bxe5 18. Rxe5 1-0

[Event "AUTO-OPEN-387"]
[Site "http://www.queenalice.com/game.php?id=105837"]
[Date "2006.9.14"]
[Round "1"]
[White "Lord_Tiger_Brasil"]
[Black "sergiogvh"]
[Result "0-1"]
[WhiteElo "1507"]
[BlackElo "2167"]

1. e4 e6 2. a3 d5 3. exd5 exd5 4. h3 Nf6 5. d4 Be7 6. Be2 O-O 7. Nf3 Bf5 8. O-O
Nbd7 9. Nc3 c6 10. Bd3 Ne4 11. Bxe4 Bxe4 12. Nh2 Bd6 13. Nxe4 dxe4 14. f4 f5 15.
Be3 Nf6 16. c4 Qe7 17. c5 Bc7 0-1

[Event "AUTO-OPEN-387"]
[Site "http://www.queenalice.com/game.php?id=105862"]
[Date "2006.9.14"]
[Round "1"]
[White "reginaldox"]
[Black "Lord_Tiger_Brasil"]
[Result "1-0"]
[WhiteElo "1690"]
[BlackElo "1589"]

1. e4 e5 2. Nf3 d6 3. Bc4 Bg4 4. O-O Nf6 5. Nc3 a6 6. b3 Nc6 7. Bb2 Nd4 8. Be2
Bxf3 9. Bxf3 Nxf3+ 10. Qxf3 h6 11. Rad1 Be7 12. d4 Qc8 13. dxe5 dxe5 14. Nd5 c6
15. Nb6 Qb8 16. Nxa8 Qxa8 17. Bxe5 O-O 18. Bxf6 Bxf6 19. Rfe1 Be5 20. Rd3 c5 21.
Rd5 Bc3 22. Qxc3 b6 23. Red1 1-0

[Event "AUTO-OPEN-387"]
[Site "http://www.queenalice.com/game.php?id=105863"]
[Date "2006.9.14"]
[Round "1"]
[White "Lord_Tiger_Brasil"]
[Black "reginaldox"]
[Result "0-1"]
[WhiteElo "1577"]
[BlackElo "1702"]

1. e4 c5 2. a3 g6 3. c3 Bg7 4. Bc4 Nc6 5. Qf3 e6 6. d3 Nf6 7. Bg5 O-O 8. Nd2 Ne5
9. Qf4 d6 10. a4 a6 11. Ba2 Nxd3+ 12. Kd1 Nxf4 13. Bxf4 e5 14. Bg5 h6 15. Bxf6
Qxf6 16. Ngf3 Bg4 17. h3 Bxf3+ 18. gxf3 Rad8 19. Kc2 b5 20. Bd5 h5 21. axb5 axb5
22. Ra7 Rb8 23. Rha1 Bh6 0-1

[Event "AUTO-OPEN-387"]
[Site "http://www.queenalice.com/game.php?id=105878"]
[Date "2006.9.14"]
[Round "1"]
[White "erickeek"]
[Black "Lord_Tiger_Brasil"]
[Result "1-0"]
[WhiteElo "1829"]
[BlackElo "1549"]

1. e4 e5 2. Qf3 a6 3. Bc4 Nf6 4. Nc3 c6 5. Qf5 d6 6. Qf3 Be7 7. Qg3 Nh5 8. Qf3
Nf6 9. d3 O-O 10. Bg5 Be6 11. Bxe6 fxe6 12. Qh3 Nfd7 13. Qxe6+ Kh8 14. Bxe7 Qe8
15. Qxd6 Rf7 16. Bg5 h6 17. Bh4 Nf6 18. f4 Nbd7 19. O-O-O Ng4 20. Nge2 g5 21.
fxg5 hxg5 22. Bxg5 Nf2 23. Qh6+ 1-0

[Event "AUTO-OPEN-387"]
[Site "http://www.queenalice.com/game.php?id=105879"]
[Date "2006.9.14"]
[Round "1"]
[White "Lord_Tiger_Brasil"]
[Black "erickeek"]
[Result "0-1"]
[WhiteElo "1554"]
[BlackElo "1824"]

1. e4 d5 2. exd5 Qxd5 3. h3 e6 4. a3 Qe4+ 5. Ne2 Nc6 6. Nc3 Qf5 7. Ng3 Qe5+ 8.
Be2 Bd7 9. O-O O-O-O 10. Re1 Be7 11. Bf3 Qa5 12. d4 Nf6 13. Bd2 Nxd4 14. Be4
Nxe4 15. Ncxe4 Qa4 16. b3 Qc6 17. Rc1 Bxa3 18. Be3 Bxc1 19. Qxc1 Nxc2 20. Re2
Nd4 21. Qxc6 Nxe2+ 22. Nxe2 Bxc6 0-1

[Event "AUTO-INT-170"]
[Site "http://www.queenalice.com/game.php?id=105929"]
[Date "2006.9.14"]
[Round "1"]
[White "juve_leo"]
[Black "Lord_Tiger_Brasil"]
[Result "0-1"]
[WhiteElo "1262"]
[BlackElo "1566"]

1. d4 e6 2. e4 h6 3. a3 a6 4. Bc4 Qe7 5. Bf4 d6 6. e5 d5 7. Bb3 Nc6 8. Nf3 f6 9.
exf6 Nxf6 10. O-O Ne4 11. Nc3 Nxc3 12. bxc3 Rg8 13. Ne5 Nxe5 14. dxe5 Qf7 15.
Qd2 Bd7 16. c4 Rd8 17. cxd5 g5 18. Bg3 Bg7 19. Rfd1 Bf8 20. dxe6 Qe7 21. exd7+
Rxd7 22. Ba4 b5 23. Bb3 Rxd2 0-1

[Event "AUTO-INT-170"]
[Site "http://www.queenalice.com/game.php?id=105930"]
[Date "2006.9.14"]
[Round "1"]
[White "Lord_Tiger_Brasil"]
[Black "juve_leo"]
[Result "1-0"]
[WhiteElo "1570"]
[BlackElo "1258"]

1. e4 c5 2. a3 Nc6 3. h3 Qa5 4. Nc3 Nf6 5. d3 e6 6. Bd2 d5 7. Nxd5 Qd8 8. Nxf6+
Qxf6 9. Be2 Qxb2 10. Nf3 Bd6 11. O-O O-O 12. Be3 b5 13. Qd2 b4 14. axb4 cxb4 15.
Rfb1 Qf6 16. d4 Rd8 17. e5 Bxe5 18. c3 bxc3 19. Qxc3 Bc7 20. Qxc6 Bd7 21. Qxc7
1-0

[Event "AUTO-INT-170"]
[Site "http://www.queenalice.com/game.php?id=105943"]
[Date "2006.9.14"]
[Round "1"]
[White "Lord_Tiger_Brasil"]
[Black "Junior_Colegiao"]
[Result "1-0"]
[WhiteElo "1609"]
[BlackElo "1305"]

1. e4 e5 2. Qh5 Nc6 3. Bc4 g6 4. Qf3 Nf6 5. c3 d6 6. h3 Bg7 7. d3 Na5 8. Bb5+ c6
9. Ba4 d5 10. Bg5 O-O 11. b4 b5 12. bxa5 1-0

[Event "AUTO-INT-170"]
[Site "http://www.queenalice.com/game.php?id=105944"]
[Date "2006.9.14"]
[Round "1"]
[White "Junior_Colegiao"]
[Black "Lord_Tiger_Brasil"]
[Result "0-1"]
[WhiteElo "1301"]
[BlackElo "1613"]

1. e4 e5 2. Nf3 d6 3. d4 f6 4. Bc4 Bg4 5. O-O Nc6 6. Bb5 a6 7. Bxc6+ bxc6 8. c3
Bxf3 9. Qxf3 Ne7 10. dxe5 fxe5 11. Bg5 h6 12. Bh4 Qd7 13. Nd2 O-O-O 0-1

[Event "AUTO-INT-170"]
[Site "http://www.queenalice.com/game.php?id=105945"]
[Date "2006.9.14"]
[Round "1"]
[White "Lord_Tiger_Brasil"]
[Black "jcbraga"]
[Result "0-1"]
[WhiteElo "1560"]
[BlackElo "1815"]

1. e4 e5 2. Qh5 Nc6 3. Bc4 g6 4. Qf3 Nf6 5. c3 d6 6. h3 Bg7 7. d3 O-O 8. Bg5 Be6
9. Nd2 a6 10. Bb3 Bxb3 11. Nxb3 h6 12. Bxf6 Qxf6 13. Nd2 Qxf3 14. Ngxf3 Ne7 15.
O-O-O c6 16. Nc4 Rad8 17. Nb6 f5 0-1